000 02368nam0a2200397 4500
001 RU\NLR\BIBL_A\022395075
005 20260420022355.0
010 _a978-5-498-00999-5
_9150
021 _aRU
_bКН-П-24-063101
_9КН-П-24-6269
035 _a(NLR Aleph) 022395075
090 _a13670563
_c13670563
100 _a20241128d2023 u y0rusy50 ca
101 0 _arus
_deng
102 _aRU
105 _aa|||i|||000yy
181 0 _ai
_baxxe
182 0 _an
200 1 _aПерспективные реакторные технологии в международном форуме "Поколение IV"
_eаналитический отчет
_fАрхангельский Н. В., Квятковский С. А., Птицын П. Б. [и др.]
_gГосударственная корпорация по атомной энергии "Росатом", Частное учреждение "Наука и инновации", Центр аналитических исследований и разработок
203 _aТекст
_bвизуальный
_cнепосредственный
210 _aМосква
_cЦАИР, частное учреждение "Наука и инновации"
_d2023
215 _a176 с.
_cцв. ил.
_d29
300 _aАвт. указаны на обороте тит. с.
300 _aРез. англ.
320 _aБиблиогр.: с. 176
606 1 _aЯдерная энергетика
_jОтчеты
_xНаучно-исследовательская работа
_92258624
_3RU\NLR\AUTH\661354407
686 1 _aЗ4е(2)л(2)
701 1 _7ca
_8rus
_aАрхангельский
_bН. В.
_cканд. техн. наук
_gНиколай Васильевич
_938630
_3RU\NLR\AUTH\7755698
701 1 _aКвятковский
_bС. А.
701 1 _aПтицын
_bП. Б.
711 0 2 _a"Поколение IV", международный форум
_3RU\NLR\AUTH\880619691
712 0 2 _a"Наука и инновации", частное учреждение по обеспечению научного развития атомной отрасли
_cМосква
_bЦентр аналитических исследований и разработок
_3RU\NLR\AUTH\880619670
_4570
942 _cBOOK
980 _aNB